000 01110naa a22003017a 4500
001 BR7703289
003 BR-BrBNA
005 20240918174005.0
007 ta
008 230509b bl.||||| |||| 00| 0 por d
040 _aBR-BrBNA
_bpor
_cBiblioteca Nacional de Agricultura
041 _a(Pt)
072 _aE70
_b0150
_bG514
090 _aE70 BR7703289
100 1 _aSilveira, R.D.
111 1 _a1. Congresso Nacional sobre Economia Orizicola
_cPorto Alegre, RS (Brazil)
_d10 Mar 1977
245 1 _aComercializacao do arroz [Oryza sativa; Preco; Mercado; Brasil]
260 3 _aPorto Alegre, RS (Brasil):
_c1977.
500 _a1. Congresso Nacional sobre Economia Orizicola. Documento final Porto Alegre, RS (Brasil): 1977. p. 141-148 (BR7703289-AM)E70
650 _aComercializacao
650 _aArroz
650 _aPreco minimo
650 _aMercado internacional
650 _aExportacao
773 0 _t1. Congresso Nacional sobre Economia Orizicola. Documento final
_wE70 BR7703289
_gPorto Alegre, RS (Brasil), 1977. p. 141-148
909 _a202404
_bLucia
_c55
_dLucia Elande
942 _cAM
_2AGRIS
999 _c308183
_d308183